| 000 | 00543cam a2200169 4500 | ||
|---|---|---|---|
| 001 | D14412 | ||
| 008 | 090401t1900 xxu||||| |||| 00| 0 eng d | ||
| 035 | _a(Sirsi) u15518 | ||
| 041 | _aeng | ||
| 100 | _aWellsted, William H | ||
| 245 | 4 | _aThe rating of licensed houses. A report of the proceedings in George Cartwright V. The Guardians of the Poor of the Sculcoates Union, in the City and County of Kingston-upon-Hill | |
| 260 |
_aLondon _bA Brown & Sons _c1900 |
||
| 350 | _a0 | ||
| 520 | _aShelf 137 | ||
| 942 | _n0 | ||
| 948 | _c04/03/1997 | ||
| 999 |
_c87286 _d87286 |
||